000 00594nam a2200205Ia 4500
005 20250507130315.0
008 008 250505s9999 xx 000 0 eng d
037 _aSeries Article
040 _aEASL
_beng
_cEASL
041 _aeng
_2eng
084 _qEASL
100 _aKo Kilkon
_9669160
245 0 _aCritical review of conceptual definitions of Chinese corruption: A formal - legal perspective
260 _aLondon
_bLondon Routledge
_c2011
300 _a359-378 pp.
650 _aChina
700 _aWeng Cuifen
_9669161
942 _cSRA
999 _c1318897
_d1318897